[Event "Ruhrgebiet Verbandsklasse Gruppe 3 1718"]
[Site "Germany"]
[Date "2018.02.04"]
[Round "6.6"]
[White "Vengels, Joachim"]
[Black "Franke, Wolfgang"]
[Result "1/2-1/2"]
[WhiteElo "1978"]
[BlackElo "1784"]
[PlyCount "32"]
[EventDate "2017.09.17"]
[EventType "team-tourn"]
[EventRounds "9"]
[EventCountry "GER"]
[SourceTitle "EXT 2022"]
[Source "ChessBase"]
[SourceDate "2021.10.06"]
[SourceVersion "1"]
[SourceVersionDate "2021.10.06"]
[SourceQuality "1"]
[WhiteTeam "Hervest Dorsten"]
[BlackTeam "Winz Baak SG"]
[WhiteTeamCountry "GER"]
[BlackTeamCountry "GER"]

1. e4 Nf6 2. e5 Nd5 3. d4 d6 4. Nf3 g6 5. Bc4 Nb6 6. Bb3 Bg7 7. 0-0 0-0 8. exd6 cxd6 9. Bg5 h6 10. Bh4 g5 11. Bg3 Bg4 12. c3 Nc6 13. Nbd2 e5 14. dxe5 dxe5 15. h3 Bh5 16. Bh2 Kh8 1/2-1/2